[Event "Benidorm op U2300 07th"]
[Site "Benidorm"]
[Date "2008.12.04"]
[Round "6"]
[White "Barbu, Nicolai"]
[Black "Avila Jimenez, Xavier"]
[Result "0-1"]
[WhiteElo "2166"]
[BlackElo "2217"]
[PlyCount "60"]
[EventDate "2008.11.29"]
[EventType "swiss"]
[EventRounds "9"]
[EventCountry "ESP"]
[SourceTitle "CBM 127 Extra"]
[Source "ChessBase"]
[SourceDate "2009.01.08"]
[SourceVersion "2"]
[SourceVersionDate "2009.01.28"]
[SourceQuality "1"]

1. e4 d5 2. exd5 Qxd5 3. Nc3 Qd6 4. d4 Nf6 5. Bg5 a6 6. Qd2 Bf5 7. Nf3 Nbd7 8. 0-0-0 0-0-0 9. Bf4 Qb6 10. Ng5 Bg6 11. f3 e6 12. Bd3 h6 13. Nge4 Qxd4 14. Qe2 Qb4 15. a3 Qa5 16. Nxf6 Bxd3 17. Rxd3 Nxf6 18. Rxd8+ Kxd8 19. Rd1+ Kc8 20. Rd4 Be7 21. Rc4 Ne8 22. Kb1 Kb8 23. g4 Bd6 24. b4 Qb6 25. Be3 c5 26. Ne4 Qb5 27. Nxd6 Nxd6 28. Bf4 Rd8 29. Qd3 Ka8 30. a4 Qxc4 0-1

[Event "Benidorm op U2300 07th"]
[Site "Benidorm"]
[Date "2008.12.01"]
[Round "3"]
[White "Barbu, Nicolai"]
[Black "Goormachtigh, Johan"]
[Result "0-1"]
[WhiteElo "2166"]
[BlackElo "2242"]
[PlyCount "70"]
[EventDate "2008.11.29"]
[EventType "swiss"]
[EventRounds "9"]
[EventCountry "ESP"]
[SourceTitle "CBM 127 Extra"]
[Source "ChessBase"]
[SourceDate "2009.01.08"]
[SourceVersion "2"]
[SourceVersionDate "2009.01.28"]
[SourceQuality "1"]

1. e4 c5 2. Nf3 e6 3. d3 Nc6 4. g3 g6 5. Bg2 Bg7 6. 0-0 Nge7 7. Nbd2 d6 8. c3 0-0 9. Nh4 Rb8 10. f4 f5 11. Ndf3 b6 12. Re1 h6 13. exf5 gxf5 14. Be3 Bd7 15. d4 c4 16. h3 Nd5 17. Nd2 Nxe3 18. Rxe3 d5 19. Qh5 Qf6 20. Rae1 b5 21. Ng6 Rfd8 22. g4 fxg4 23. hxg4 Kh7 24. f5 exf5 25. Nf4 Qg5 26. Qxg5 hxg5 27. Rh3+ Bh6 28. Nxd5 fxg4 29. Nf6+ Kg7 30. Nxd7 gxh3 31. Nxb8 Nxb8 32. Bxh3 g4 33. Bxg4 Bxd2 34. Re7+ Kf6 35. Rxa7 Rg8 0-1

[Event "Ploiesti Conpet op"]
[Site "Ploiesti"]
[Date "2007.09.29"]
[Round "9"]
[White "Pepene, Gheorghe"]
[Black "Barbu, Nicolai"]
[Result "0-1"]
[WhiteElo "2061"]
[BlackElo "2196"]
[PlyCount "66"]
[EventDate "2007.09.22"]
[EventType "swiss"]
[EventRounds "9"]
[EventCountry "ROU"]
[SourceTitle "EXT 2010"]
[Source "ChessBase"]
[SourceDate "2010.11.25"]
[SourceVersion "1"]
[SourceVersionDate "2010.11.25"]
[SourceQuality "1"]

1. e4 c5 2. f4 g6 3. Nf3 Bg7 4. Bc4 e6 5. Nc3 Nc6 6. d3 Nge7 7. a3 d5 8. Ba2 Bxc3+ 9. bxc3 dxe4 10. dxe4 Qxd1+ 11. Kxd1 b6 12. Bc4 Bb7 13. Bd3 Rd8 14. Bd2 Na5 15. Re1 Nec6 16. Kc1 0-0 17. Kb2 Rfe8 18. Rad1 e5 19. fxe5 c4 20. Bf1 Nxe5 21. h3 Nd7 22. Bg5 f6 23. Bh4 Kf7 24. e5 Bxf3 25. gxf3 g5 26. Bg3 Nxe5 27. Rxd8 Rxd8 28. Bxe5 fxe5 29. Rxe5 Rd1 30. Be2 Re1 31. Re4 Kf6 32. Bxc4 Rxe4 33. fxe4 Nxc4+ 0-1

[Event "Ploiesti Master op"]
[Site "Ploiesti"]
[Date "2003.06.07"]
[Round "9"]
[White "Barbu, Nicolai"]
[Black "Pepene, Gheorghe"]
[Result "1-0"]
[WhiteElo "2230"]
[BlackElo "2159"]
[PlyCount "69"]
[EventDate "2003.05.30"]
[EventType "swiss"]
[EventRounds "9"]
[EventCountry "ROU"]
[SourceTitle "EXT 2004"]
[Source "ChessBase"]
[SourceDate "2003.11.25"]
[SourceVersion "1"]
[SourceVersionDate "2003.11.25"]
[SourceQuality "1"]

1. e4 c5 2. Nf3 d6 3. d3 Nc6 4. g3 g6 5. Bg2 Bg7 6. 0-0 e6 7. Re1 Nge7 8. c3 0-0 9. Nbd2 Rb8 10. Nf1 b5 11. d4 b4 12. h4 bxc3 13. bxc3 Qa5 14. Bd2 Ba6 15. Qc2 Qb5 16. Bf4 e5 17. dxe5 dxe5 18. Be3 Na5 19. N1d2 Qc6 20. Nb3 Nb7 21. c4 Nc8 22. Nfd2 Nb6 23. a4 Rfd8 24. Bf1 Nd7 25. f3 Nf8 26. Bh3 Ne6 27. Bxe6 fxe6 28. Nb1 Rd7 29. Na3 Bf8 30. Nb5 Nd8 31. Red1 Rf7 32. Kg2 Qb6 33. Qc3 Nc6 34. a5 Qb7 35. Nxc5 1-0

[Event "Ploiesti Master op"]
[Site "Ploiesti"]
[Date "2003.06.01"]
[Round "3"]
[White "Levay, Sorin"]
[Black "Barbu, Nicolai"]
[Result "1-0"]
[WhiteElo "2296"]
[BlackElo "2230"]
[PlyCount "55"]
[EventDate "2003.05.30"]
[EventType "swiss"]
[EventRounds "9"]
[EventCountry "ROU"]
[SourceTitle "EXT 2004"]
[Source "ChessBase"]
[SourceDate "2003.11.25"]
[SourceVersion "1"]
[SourceVersionDate "2003.11.25"]
[SourceQuality "1"]

1. e4 c5 2. Nf3 d6 3. Bb5+ Nc6 4. 0-0 Bd7 5. Re1 Nf6 6. c3 e6 7. d4 cxd4 8. cxd4 d5 9. e5 Ne4 10. Bd3 Bb4 11. Nbd2 Nxd2 12. Bxd2 Bxd2 13. Qxd2 Qb6 14. Qf4 h6 15. h4 Qxb2 16. Rab1 Qxa2 17. Rxb7 Rb8 18. Rxb8+ Nxb8 19. Qg4 0-0 20. Re3 Kh8 21. Ng5 Nc6 22. Rf3 Kg8 23. Bh7+ Kh8 24. Bg6 Qa1+ 25. Kh2 Qxd4 26. Nxf7+ Kg8 27. Nxh6+ gxh6 28. Be4+ 1-0

[Event "ROM-chT"]
[Site "Romania"]
[Date "1993.??.??"]
[Round "8"]
[White "Barbu, Nicolai"]
[Black "Ghinda, Mihail Viorel"]
[Result "0-1"]
[WhiteElo "2350"]
[BlackElo "2450"]
[PlyCount "102"]
[EventDate "1993.??.??"]
[EventType "team"]
[EventRounds "9"]
[EventCountry "ROU"]
[SourceTitle "EXT 1998"]
[Source "ChessBase"]
[SourceDate "1997.11.17"]
[SourceVersion "1"]
[SourceVersionDate "1997.11.17"]
[SourceQuality "1"]

1. e4 c5 2. Nf3 d6 3. d4 cxd4 4. Nxd4 Nf6 5. Nc3 e6 6. Be2 a6 7. f4 Qc7 8. 0-0 Be7 9. Kh1 0-0 10. Qe1 Re8 11. a4 Nbd7 12. Qg3 Nf8 13. f5 Kh8 14. Nf3 e5 15. Ng5 Bd8 16. a5 h6 17. Qh3 Kg8 18. Nf3 N8h7 19. Be3 b5 20. axb6 Qb7 21. Nd2 Bxb6 22. Bxb6 Qxb6 23. Nc4 Qc7 24. Qe3 Rb8 25. b3 Bb7 26. Rfd1 Red8 27. Na5 Ba8 28. Bc4 Kf8 29. Rd2 Rdc8 30. Nd5 Nxd5 31. exd5 Rb6 32. Qe2 Qa7 33. c3 Nf6 34. b4 e4 35. Nb3 Qd7 36. Qf2 Rbb8 37. Na5 Re8 38. Qd4 Qxf5 39. Rf2 Qg5 40. Re2 Qe5 41. Qxe5 Rxe5 42. Nc6 Bxc6 43. dxc6 Rc8 44. Bxa6 Rxc6 45. b5 Rxc3 46. Rb2 Nd7 47. b6 Rc6 48. Rab1 Rec5 49. Kg1 Rc1+ 50. Rxc1 Rxc1+ 51. Kf2 Rc6 0-1